<?xml version="1.0" encoding="UTF-8"?>
<record
    xmlns:xsi="http://www.w3.org/2001/XMLSchema-instance"
    xsi:schemaLocation="http://www.loc.gov/MARC21/slim http://www.loc.gov/standards/marcxml/schema/MARC21slim.xsd"
    xmlns="http://www.loc.gov/MARC21/slim">

  <leader>01710cam a2200277 a 4500</leader>
  <datafield tag="999" ind1=" " ind2=" ">
    <subfield code="c">5653</subfield>
    <subfield code="d">5653</subfield>
  </datafield>
  <controlfield tag="005">20180803165308.0</controlfield>
  <controlfield tag="008">080515s2006    ck      r     000 0 spa d</controlfield>
  <datafield tag="015" ind1=" " ind2=" ">
    <subfield code="a">SSN</subfield>
  </datafield>
  <datafield tag="020" ind1=" " ind2=" ">
    <subfield code="a">9586839028</subfield>
  </datafield>
  <datafield tag="040" ind1=" " ind2=" ">
    <subfield code="a">CO-BoPUJ</subfield>
    <subfield code="c">CO-BoIAVH </subfield>
  </datafield>
  <datafield tag="041" ind1="0" ind2=" ">
    <subfield code="a">spa</subfield>
  </datafield>
  <datafield tag="043" ind1=" " ind2=" ">
    <subfield code="a">s-ck---</subfield>
  </datafield>
  <datafield tag="082" ind1="0" ind2="4">
    <subfield code="a">333.72</subfield>
    <subfield code="b">G65b</subfield>
  </datafield>
  <datafield tag="100" ind1="1" ind2=" ">
    <subfield code="a">Gonz&#xE1;lez Ladr&#xF3;n de Guevara, Francisco Jos&#xE9;</subfield>
  </datafield>
  <datafield tag="245" ind1="1" ind2="0">
    <subfield code="a">En busca de caminos para la comprensi&#xF3;n en la problem&#xE1;tica ambiental :</subfield>
    <subfield code="b">la escisi&#xF3;n moderna entre cultura y naturaleza /</subfield>
    <subfield code="c">Francisco Gonz&#xE1;lez Ladr&#xF3;n de Guevara</subfield>
  </datafield>
  <datafield tag="260" ind1=" " ind2=" ">
    <subfield code="a">Bogot&#xE1;: </subfield>
    <subfield code="b">IDEADE, </subfield>
    <subfield code="c">2006.</subfield>
  </datafield>
  <datafield tag="300" ind1=" " ind2=" ">
    <subfield code="a">69 p.</subfield>
    <subfield code="c">24 cm.</subfield>
  </datafield>
  <datafield tag="502" ind1=" " ind2=" ">
    <subfield code="a">Tesis para optar al t&#xED;tulo de Maestr&#xED;a en Filosof&#xED;a por la Pontificia Universidad Javeriana</subfield>
  </datafield>
  <datafield tag="504" ind1=" " ind2=" ">
    <subfield code="a">Incluye referencias bibliogr&#xE1;ficas (p. 69).</subfield>
  </datafield>
  <datafield tag="505" ind1="0" ind2=" ">
    <subfield code="t">Ambig&#xFA;edad y desaf&#xED;o: la modernidad y el medio ambiente /</subfield>
    <subfield code="r">RP. Vicente Dur&#xE1;n, S.J.. --</subfield>
    <subfield code="g">La</subfield>
    <subfield code="t">producc&#xF3;n de conocimiento y el origen de la escisi&#xF3;n sociedad-naturaleza, en relaci&#xF3;n con la conceptualizaci&#xF3;n de la problem&#xE1;tica ambiental. --</subfield>
    <subfield code="t">Propuesta de introducci&#xF3;n de la problem&#xE1;tica ambiental en la reflexi&#xF3;n filos&#xF3;fica sobre la relaci&#xF3;n sociedad-naturaleza y sus implicaciones. --</subfield>
    <subfield code="g">La</subfield>
    <subfield code="t">modernidad y la posmodernidad, sus implicaciones en la construcci&#xF3;n del concepto de desarrollo sostenible, como una nueva propuesta filos&#xF3;fica y &#xE9;tico-pol&#xED;tica.</subfield>
  </datafield>
  <datafield tag="650" ind1="1" ind2="4">
    <subfield code="a">Desarrollo sostenible</subfield>
    <subfield code="x">Tesis, disertaciones, etc.</subfield>
  </datafield>
  <datafield tag="650" ind1="2" ind2="4">
    <subfield code="a">Medio ambiente</subfield>
    <subfield code="x">Historia</subfield>
  </datafield>
  <datafield tag="650" ind1="2" ind2="4">
    <subfield code="a">Pol&#xED;tica ambiental</subfield>
  </datafield>
  <datafield tag="710" ind1="2" ind2=" ">
    <subfield code="a">Pontificia Universidad Javeriana</subfield>
    <subfield code="b">Facultad de Estudios Ambientales y Rurales</subfield>
    <subfield code="b">Instituto de Estudios Ambientales para el Desarrollo</subfield>
  </datafield>
  <datafield tag="942" ind1=" " ind2=" ">
    <subfield code="2">ddc</subfield>
    <subfield code="c">LIBRO</subfield>
  </datafield>
  <datafield tag="952" ind1=" " ind2=" ">
    <subfield code="0">0</subfield>
    <subfield code="1">0</subfield>
    <subfield code="2">ddc</subfield>
    <subfield code="4">0</subfield>
    <subfield code="7">0</subfield>
    <subfield code="8">GENERAL</subfield>
    <subfield code="I">INV2017</subfield>
    <subfield code="a">Bogota</subfield>
    <subfield code="b">Bogota</subfield>
    <subfield code="d">2007-07-05</subfield>
    <subfield code="e">Gonz&#xE1;lez L. de G., Francisco</subfield>
    <subfield code="l">0</subfield>
    <subfield code="o">LB-333.72 G65b</subfield>
    <subfield code="p">024682</subfield>
    <subfield code="r">2012-12-04 00:00:00</subfield>
    <subfield code="t">Ej.1</subfield>
    <subfield code="w">2012-12-04</subfield>
    <subfield code="x">Donaci&#xF3;n</subfield>
    <subfield code="y">LIBRO</subfield>
  </datafield>
  <datafield tag="952" ind1=" " ind2=" ">
    <subfield code="0">0</subfield>
    <subfield code="1">0</subfield>
    <subfield code="2">ddc</subfield>
    <subfield code="4">0</subfield>
    <subfield code="7">0</subfield>
    <subfield code="8">GENERAL</subfield>
    <subfield code="a">Bogota</subfield>
    <subfield code="b">Bogota</subfield>
    <subfield code="d">2019-12-10</subfield>
    <subfield code="l">0</subfield>
    <subfield code="o">LB-333.72 G65b</subfield>
    <subfield code="p">043876</subfield>
    <subfield code="r">2019-12-10 00:00:00</subfield>
    <subfield code="t">Ej.2</subfield>
    <subfield code="w">2019-12-10</subfield>
    <subfield code="x">Donacion</subfield>
    <subfield code="y">LIBRO</subfield>
  </datafield>
</record>
